000 00441nam a2200145Ia 4500
008 100204s9999 xx 000 0 und d
082 _b23831
100 _aपरचुरे श्री. दि.
245 _aविंदादा
260 _b"ग्रंथाली प्रकाशन , मुंबई"
_c1998
300 _a119
630 _aविंदादा
730 _aविंदादा
942 _cBOOK
999 _c468857
_d468854